| 000 | 004430000a22001810004500 | ||
|---|---|---|---|
| 003 | MACL | ||
| 005 | 20151028130642.0 | ||
| 008 | 151028b xxu||||| |||| 00| 0 eng d | ||
| 040 |
_aMACL _cMACL |
||
| 041 | _aEnglish | ||
| 082 | _a750/NAT | ||
| 100 |
_aNath, shanti _97676 |
||
| 245 |
_aProkash Karmakar _bDrawing & Life |
||
| 260 |
_aKolkata _bRakta Karabee _c2008 |
||
| 350 | _a700 | ||
| 650 |
_aPainting _917136 |
||
| 942 |
_cBK _k750/NAT _2ddc |
||
| 999 |
_c44322 _d44322 |
||